Statistiken für Hauptstädte in der Nähe von Colombo

Klicken Sie hier um das Quiz zu spielen!

Allgemein

  • Dieses Quiz wurde 49 mal gespielt
  • Das Durchschnittsergebnis liegt bei 13 aus 20

Antwortstatistiken

kmHauptstadt% Korrekt
2435Neu-Delhi
97%
2379Bangkok
89%
3065Islamabad
89%
3328Jakarta
87%
3270Kabul
82%
2729Singapur
82%
3202Hanoi
74%
772Malé
74%
2450Kuala Lumpur
71%
2795Phnom Penh
68%
2388Kathmandu
66%
2192Dhaka
63%
2511Thimphu
58%
2755Vientiane
58%
2956Maskat
55%
3351Abu Dhabi
47%
3699Duschanbe
47%
2260Naypyidaw
39%
3646Doha
37%
3005Victoria
26%

Verteilung der Resultate

Perzentil nach korrekt beantworteten Fragen

Anzahl Personen mit jedem Resultat

Ihre Resultats-Entwicklung

Sie haben dieses Quiz noch nicht gespielt